Past Simple - Junior B - Statistics

General Stats
  • This quiz has been taken 26 times
  • The average score is 9 of 10
Answer Stats
Question Answer % Correct
I ____ an apple after the meal. ate
100%
I _______ some biscuits for you. bought
100%
Yeasterday we _______ salsa at the party. danced
100%
John _______ his bike. didn't ride
100%
I ______ my grandparents last Sunday. visited
100%
I _______ to the park with my dog this morning. went
100%
My sister ______ the car yesterday. drove
91%
We _____ a great day at the park. had
91%
I ______ a photo for my album. took
91%
The man ______ the boxes. carried
89%
I _______ basketball with my friends. didn't play
88%
Yesterday the weather _____ very nice. was
88%
She _____ a hat because it was cold. wore
88%
____ she ____ to school yesterday? Did ... go
86%
The dog _______ its food. didn't eat
86%
I _______ with my brother after lunch. played
86%
When ____ he ____ home? did ... go
83%
We ______ lemonade at home. drank
80%
Where ____ they ____ in the morning? did .... swim
75%
They _____ me a birthday present. gave
67%
Yesterday I ________ a book. read
67%
There _____ smoke in the bakery shop. was
67%
Anna ______ to school today. didn't come
63%
My mum ______ a cake for my birthday. made
60%
They _____ in the river. swam
60%
No matching quizzes found
Score Distribution
Percent of People with Each Score
Percentile by Number Answered
Your Score History
You have not taken this quiz